[Event "13th CAN-ch (w)"]
[Site "Kitchener CAN"]
[Date "2007.08.06"]
[Round "7"]
[White "Khoudgarian, Natalia"]
[Black "Kagramanov, Dina"]
[Result "1-0"]
[WhiteElo "2124"]
[BlackElo "2108"]
[EventDate "2007.08.01"]
[PlyCount "59"]

1.e4 b6 2.d4 Bb7 3.Bd3 e6 4.Nf3 Nf6 5.Qe2 d5 6.e5 Ne4 7.O-O c5 8.c3 cxd4 
9.cxd4 Be7 10.Be3 O-O 11.Nfd2 f5 12.exf6 Bxf6 13.Bxe4 dxe4 14.Qg4 Bxd4 15.
Qxe6+ Kh8 16.Bxd4 Qxd4 17.Nb3 Qd3 18.Nc3 Qd8 19.Nxe4 Bd5 20.Qg4 Qe7 21.
Rfe1 Qf7 22.f3 Nc6 23.Rad1 Bxb3 24.axb3 Qxb3 25.Rd7 Qxb2 26.Nd6 Qc3 27.Re6
g6 28.Rxh7+ Kxh7 29.Qxg6+ Kh8 30.Qh6+ 1-0